Flags With Gravity #2 - Statistics

General Stats
  • This quiz has been taken 29,820 times
  • The average score is 14 of 16
Answer Stats
Picture Answer % Correct
Turkey
98%
Australia
97%
North Korea
94%
Panama
93%
Kosovo
92%
Angola
89%
Barbados
89%
Bosnia and Herzegovina
89%
Taiwan
88%
Fiji
85%
Turkmenistan
82%
Libya
79%
Lesotho
76%
Belize
72%
Nauru
72%
Solomon Islands
62%
No matching quizzes found
Score Distribution
Percent of People with Each Score
Percentile by Number Answered
Your Score History
You have not taken this quiz